Effectif Manchester City 2025-2026 - Statistiques

Statistiques générales
  • Ce quiz a été pris 238 fois
  • Le résultat moyen est 19 sur 24
Statistiques - réponses
Poste Nationalité Joueur % Correct
Coach Espagnol Guardiola Pep
99%
Attaquant Norvégien Haaland Erling
96%
Milieu Français Cherki Rayan
94%
Attaquant Belge Doku Jeremy
94%
Défenseur Portugais Dias Ruben
93%
Gardien Italien Gianluigi Donnarumma
90%
Défenseur Croate Gvardiol Josko
90%
Défenseur Néerlandais Ake Nathan
89%
Attaquant Egyptien Marmoush Omar
88%
Milieu Espagnol Rodri
88%
Milieu Portugais Silva Bernardo
87%
Défenseur Algérien Ait Nouri Rayan
86%
Milieu Anglais Foden Phil
83%
Attaquant Brésilien Savinho
81%
Défenseur Ouzbek Khusanov Abdukodir
80%
Milieu Croate Kovacic Mateo
79%
Milieu Néerlandais Reijnders Tijjani
78%
Défenseur Anglais Stones John
78%
Gardien Anglais Trafford James
67%
Milieu Norvégien Bobb Oscar
64%
Milieu Espagnol Nico
62%
Milieu Portugais Nunes Matheus
62%
Défenseur Anglais Lewis Rico
60%
Milieu Anglais O'Reilly Nico
55%
Aucun quiz correspondant
Distribution des résultats
% des personnes avec chaque résultat
Percentile par nombre de réponses
Votre historique - résultats
Vous n’avez pas pris ce quiz